ARRUPE JESUIT UNIVERSITY

CORONAVIRUS -STOP THE SPREAD - CLEAN,DISINFECT,COVER

Basic counselling skills : (Record no. 126807)

MARC details
000 -LEADER
fixed length control field 01317cam a22003737i 4500
001 - CONTROL NUMBER
control field 18361073
003 - CONTROL NUMBER IDENTIFIER
control field ARRUPE
005 - DATE AND TIME OF LATEST TRANSACTION
control field 20170829103020.0
008 - FIXED-LENGTH DATA ELEMENTS--GENERAL INFORMATION
fixed length control field 141105s2016 cau f b 001 0 eng d
010 ## - LIBRARY OF CONGRESS CONTROL NUMBER
LC control number 2014956137
020 ## - INTERNATIONAL STANDARD BOOK NUMBER
International Standard Book Number 9781473912984
Qualifying information (hbk.)
020 ## - INTERNATIONAL STANDARD BOOK NUMBER
International Standard Book Number 9781473912991
Qualifying information (pbk.)
020 ## - INTERNATIONAL STANDARD BOOK NUMBER
Cancelled/invalid ISBN 1473912989
Qualifying information (hbk.)
020 ## - INTERNATIONAL STANDARD BOOK NUMBER
Cancelled/invalid ISBN 1473912997
Qualifying information (pbk.)
020 ## - INTERNATIONAL STANDARD BOOK NUMBER
Cancelled/invalid ISBN 9781473943995
Qualifying information (ebook)
035 ## - SYSTEM CONTROL NUMBER
System control number (OCoLC)ocn930079349
040 ## - CATALOGING SOURCE
Original cataloging agency CDX
Language of cataloging eng
Transcribing agency CDX
Description conventions rda
Modifying agency UKTCC
-- OCLCO
-- SINIE
-- YDXCP
-- OCLCF
-- YPM
-- DTM
-- OCLCQ
-- LTSCA
-- DLC
042 ## - AUTHENTICATION CODE
Authentication code lccopycat
050 00 - LIBRARY OF CONGRESS CALL NUMBER
Classification number BF636.6
Item number .N433 2016
082 04 - DEWEY DECIMAL CLASSIFICATION NUMBER
Classification number 361.06
Edition number 23
300 ## - PHYSICAL DESCRIPTION
Dimensions 25 cm
100 1# - MAIN ENTRY--PERSONAL NAME
Personal name Nelson-Jones, Richard,
Relator term author.
9 (RLIN) 35323
245 10 - TITLE STATEMENT
Title Basic counselling skills :
Remainder of title a helper's manual /
Statement of responsibility, etc Richard Nelson-Jones.
250 ## - EDITION STATEMENT
Edition statement Fourth edition.
260 ## - PUBLICATION, DISTRIBUTION, ETC. (IMPRINT)
Place of publication, distribution, etc London
Name of publisher, distributor, etc SAGE
Date of publication, distribution, etc 2012
300 ## - PHYSICAL DESCRIPTION
Extent viii, 199 p. ;
504 ## - BIBLIOGRAPHY, ETC. NOTE
Bibliography, etc Includes bibliographical references (pages 179-184) and index.
650 #0 - SUBJECT ADDED ENTRY--TOPICAL TERM
Topical term or geographic name as entry element Counseling.
9 (RLIN) 319
906 ## - LOCAL DATA ELEMENT F, LDF (RLIN)
a 7
b cbc
c copycat
d 2
e ncip
f 20
g y-gencatlg
942 ## - ADDED ENTRY ELEMENTS (KOHA)
Source of classification or shelving scheme Library of Congress Classification
Koha item type Monograph ( Printed materials)
Holdings
Withdrawn status Lost status Source of classification or shelving scheme Damaged status Not for loan Collection code Home library Current library Shelving location Date acquired Total Checkouts Full call number Barcode Date last seen Date checked out Price effective from Koha item type
    Library of Congress Classification     Main Collection ARRUPE LIBRARY ARRUPE LIBRARY Main Collection 29/08/2017 2 BF637 .C6 N433 2012 46500022281 23/08/2019 15/07/2019 29/08/2017 Monograph ( Printed materials)

 

Arrupe Library. PO Box MP320 Mt Pleasant, Harare, Zimbabwe
263 242 745411|librarian@aju.ac.zw